banner-ar

مذكرات طبيب عبدالناصر / (Record no. 61175)

MARC details
000 -الفاتح
حقل البيانات ثابتة الطول 00770nam a22002057a 4500
005 - وقت وتاريخ اخر تعامل مع التسجيلة
رقم الضبط 20240530110447.0
008 - عناصر البيانات ثابتة الطول - معلومات عامة
حقل البيانات ثابتة الطول 150429s2007 ua a f 000 0 ara d
017 ## - رقم الايداع القانونى
رقم الايداع القانونى 2007/2356
المصدر ( الهيئة المختصة) مصر . دار الكتب المصرية
020 ## - الرقم الدولى المعيارى للكتب
الرقم الدولى المعيارى للكتاب 9774195701
040 ## - مصدر الفهرسة
وكالة الفهرسة الأصلية EG-CaGPL
082 04 - رقم تصنيف ديوى العشرى
رقم الطبعة 21
رقم التصنيف 923.10962
رقم المادة ق/ا م
100 0# - المدخل الرئيسى - إسم شخصى
الإسم الشخصى الصاوى حبيب.
245 10 - بيان العنوان
العنوان مذكرات طبيب عبدالناصر /
بيان المسئوليه,etc الصاوى حبيب.
260 ## - PUBLICATION, DISTRIBUTION, ETC. (IMPRINT)
تاريخ النشر أو التوزيع 2007.
300 ## - الوصف المادى
التعداد 251 ص :
تفاصيل ماديه اخرى للوعاء ايض ؛
أبعاد الوعاء 24 سم.
600 04 - المدخل الاضافى بالموضوع-اسم شخصى
الإسم الشخصى الصاوى حبيب
التقسيم الفرعي الشكلي مذكرات.
600 04 - المدخل الاضافى بالموضوع-اسم شخصى
الإسم الشخصى جمال عبدالناصر
التقسيم الفرعي العام الاحوال الصحية.
942 ## - عناصر المدخل الإضافي( كوها)
مصدر التصنيف او مخطط الترفيف Dewey Decimal Classification
Koha [default] item type كتاب
260 ## - PUBLICATION, DISTRIBUTION, ETC. (IMPRINT)
-- القاهرة :
-- الهيئة المصرية العامة للكتاب ،
Holdings
حالة التراجع حالة الفقد حالة تلف ليس للاعارة المكان المؤقت الموقع الحالى تاريخ الاكتساب اجمالي اﻻعارات رقم الطلب الباركود تاريخ اخر مشاهدة تاريخ تفعيل السعر نوع وعاء كوها
        مكتبة القاهرة الكبرى مكتبة القاهرة الكبرى 04/29/2015   923.10962 ق/ا م 160400 04/29/2015 04/29/2015 كتاب

Powered By

EGPV